[Event "RUS-ch"]
[Site "Elista"]
[Date "1995.??.??"]
[Round "2"]
[White "Frog, Ilya"]
[Black "Sveshnikov, Evgeny"]
[Result "1/2-1/2"]
[WhiteElo "2295"]
[BlackElo "2580"]
[PlyCount "88"]
[EventDate "1995.10.??"]
[EventType "swiss"]
[EventRounds "11"]
[EventCountry "RUS"]
[SourceTitle "CBM 050"]
[Source "ChessBase"]
[SourceDate "1996.02.01"]
[SourceVersion "1"]
[SourceVersionDate "1996.02.01"]
[SourceQuality "1"]

1. Nf3 d5 2. g3 c6 3. Bg2 Nf6 4. 0-0 Bf5 5. d3 e6 6. Nbd2 Be7 7. Qe1 h6 8. e4 Bh7 9. Qe2 0-0 10. Re1 Re8 11. Ne5 Nbd7 12. Nxd7 Nxd7 13. Nf3 Bf8 14. Bf4 e5 15. Bc1 Nc5 16. Nh4 Qd7 17. Bf3 Rad8 18. Bg4 Qc7 19. Bf5 g6 20. Bh3 Ne6 21. Be3 c5 22. Bxe6 Rxe6 23. c4 dxe4 24. dxe4 Qc6 25. f3 f5 26. exf5 gxf5 27. Rad1 Rxd1 28. Rxd1 Rd6 29. Rxd6 Qxd6 30. f4 e4 31. g4 Qd3 32. Qxd3 exd3 33. Nxf5 Bxf5 34. gxf5 Kf7 35. Kf2 Kf6 36. Kf3 Kxf5 37. b3 b6 38. h3 Bg7 39. Bd2 Bd4 40. Be1 Bg1 41. Bd2 Bd4 42. a4 a5 43. Be1 Bb2 44. Ke3 Bc1+ 1/2-1/2